Na okraj knihy M. Daniláka "Halyćki, bukovynśki, zakarpatśki ukrajinci v revoľuciji 1848 - 1849 rokiv"

Bibliographic Details
Main Author: Fano, Štefan, 1940- (Author)
Format: Article
Language:Slovak
Subjects:

MARC

LEADER 00000nab a2200000 a 4500
001 vtls010629407
003 SK-MaSNL
005 20260303210649.0
008 141021c1974 xo r 000 00slo
015 |a SNBRA2014/10SVKPO 
038 |a SVKPO 
040 |a SVKPOCL  |b slo  |c SVKPOCL  |e AACR2 
041 0 |a slo 
044 |a xo  |c SK 
080 |a 943.76"1848/1849"  |2 2001 
080 |a 323.15(437.6)  |2 2001 
100 1 |a Fano, Štefan,  |d 1940-  |4 aut  |9 38886 
245 1 0 |a Na okraj knihy M. Daniláka "Halyćki, bukovynśki, zakarpatśki ukrajinci v revoľuciji 1848 - 1849 rokiv"  |c Štefan Fano 
648 7 |a 1848-1849  |2 svkpocl  |9 285913 
650 0 7 |a národné obrodenie  |2 svkpocl  |9 3795 
650 0 7 |a revolúcia (1848-1849)  |2 svkpocl  |9 4759 
650 0 7 |a Ukrajinci na Slovensku  |2 svkpocl  |9 900442 
650 0 7 |a Ukrajinci na Zakarpatsku  |2 svkpocl  |9 1242686 
651 7 |a Halič  |2 svkpocl  |9 89766 
651 7 |a Bukovina (historické územie)  |2 svkpocl  |9 90523 
651 7 |a Zakarpatská Ukrajina  |x dejiny  |2 svkpocl  |9 366593 
655 7 |a recenzie  |2 svkpocl  |9 21907 
773 0 |t Nové obzory 16 : spoločenskovedný zborník východného Slovenska  |d Košice : Východoslovenské vydavateľstvo pre Múzeum Slovenskej republiky rád v Prešove, 1974  |g S. 448-450 
787 0 8 |i Rec.:  |a Danilák, Michal  |t Halycki, bukovynski, zakarpatski Ukrajinci v revoľuciji 1848 - 1849 rokiv  |d Prešov : Odbor ukrajinskej literatúry SPN, 1972 
852 |a SVKPO  |b KIS3GCP 
958 |a SK 
958 |a NB 
958 |a UA 
958 |a RC 
999 |c 2201162  |d 2203092